Highest Rated Animated Movies of All Time - Statistics

General Stats
  • This quiz has been taken 668 times
  • The average score is 26 of 100
Answer Stats
Year Rating Movie % Correct
1995 8.3 Toy Story
89%
1999 7.9 Toy Story 2
89%
2010 8.3 Toy Story 3
89%
2019 7.8 Toy Story 4
89%
1994 8.5 The Lion King
77%
2013 7.4 Frozen
71%
1937 7.6 Snow White and the Seven Dwarfs
70%
2001 7.8 Shrek
66%
1991 8.0 Beauty and the Beast
64%
2009 8.2 Up
61%
1992 8.0 Aladdin
60%
2003 8.1 Finding Nemo
60%
1989 7.6 The Little Mermaid
58%
2004 8.0 The Incredibles
54%
2001 8.0 Monsters, Inc.
53%
2008 8.4 WALL-E
52%
2015 8.1 Inside Out
48%
1998 7.6 Mulan
48%
2001 8.6 Spirited Away
47%
1940 7.8 Fantasia
46%
2016 7.6 Moana
46%
2010 7.7 Tangled
46%
2017 8.4 Coco
44%
2018 7.6 Incredibles 2
43%
2007 8.0 Ratatouille
43%
1940 7.4 Pinocchio
42%
1967 7.6 The Jungle Book
39%
2018 8.4 Spider-Man: Into the Spider-verse
38%
2012 7.7 Wreck-It Ralph
34%
2016 8.0 Zootopia
34%
2010 7.6 Despicable Me
32%
2004 8.2 Howl's Moving Castle
31%
2010 8.1 How to Train Your Dragon
31%
2014 7.8 How to Train Your Dragon 2
31%
2019 7.5 How To Train Your Dragon: The Hidden World
31%
2014 7.8 Big Hero 6
30%
1988 8.2 My Neighbor Totoro
30%
2008 7.5 Kung Fu Panda
29%
2017 7.3 The Lego Batman Movie
27%
2002 7.5 Ice Age
25%
1997 8.4 Princess Mononoke
25%
1973 7.6 Robin Hood
23%
2008 7.7 Ponyo
22%
2014 7.7 The Lego Movie
21%
1988 8.5 Grave of the Fireflies
20%
1993 8.0 The Nightmare Before Christmas
20%
1951 7.4 Alice in Wonderland
19%
2009 7.7 Coraline
19%
1989 7.8 Kiki's Delivery Service
19%
1999 8.0 The Iron Giant
19%
1988 7.7 Who Framed Roger Rabbit
19%
2009 7.9 Fantastic Mr. Fox
17%
1993 7.8 Batman: Mask of the Phantasm
16%
1977 7.6 The Many Adventures of Winnie the Pooh
16%
2016 8.4 Your Name.
16%
1988 8.0 Akira
15%
1986 8.0 Castle in the Sky
15%
2020 7.4 Onward
14%
1992 7.7 Porco Rosso
14%
1984 8.1 Nausicaä of the Valley of the Wind
13%
2018 7.9 Isle of Dogs
11%
2016 7.8 Kubo and the Two Strings
11%
2013 7.8 The Wind Rises
11%
1995 8.0 Ghost in the Shell
10%
2004 7.5 Ghost in the Shell 2: Innocence
10%
1999 7.7 South Park: Bigger, Longer & Uncut
10%
1988 7.4 The Land Before Time
10%
2005 7.4 Wallace & Gromit: The Curse of the Were-Rabbit
9%
2016 8.2 A Silent Voice: The Movie
8%
2006 7.7 Paprika
8%
1997 8.0 Perfect Blue
8%
2007 8.0 Persepolis
8%
2013 8.0 The Tale of The Princess Kaguya
8%
2019 8.2 Klaus
7%
2003 7.8 The Triplets of Belleville
7%
1978 7.6 Watership Down
7%
1995 7.9 Whisper of the Heart
7%
2011 7.4 From Up on Poppy Hill
6%
1979 7.7 Lupin the 3rd: Castle of Cagliostro
6%
2009 8.1 Mary and Max
6%
1997 8.1 Neon Genesis Evangelion: The End of Evangelion
6%
2014 8.1 Song of the Sea
6%
2014 7.7 When Marnie Was There
6%
2017 7.8 Loving Vincent
5%
2015 7.7 The Little Prince
5%
2016 7.5 The Red Turtle
5%
2009 7.6 The Secret of Kells
5%
1982 7.6 The Secret of NIMH
5%
2010 7.6 The Secret World of Arrietty
5%
2003 7.8 Tokyo Godfathers
5%
2012 8.1 Wolf Children
5%
2007 7.6 5 Centimeters Per Second
4%
2001 7.9 Cowboy Bebop: The Movie
4%
2006 7.8 The Girl Who Leapt Through Time
4%
1993 7.9 Ninja Scroll
3%
2009 7.5 Summer Wars
3%
2013 7.5 The Garden of Words
3%
2010 7.5 The Illusionist
3%
2000 7.7 Vampire Hunter D: Bloodlust
3%
2001 7.8 Waking Life
3%
No matching quizzes found
Score Distribution
Percent of People with Each Score
Percentile by Number Answered
Your Score History
You have not taken this quiz